Dones : cent anys d'imatges : els fons de l'Arxiu d'Imatges Emili Massanas i Burcet cent anys d'imatges :
Descripción Física:
127 p. : totes il., fot. ; 21 x 20 cm
MARC
| LEADER | 00000nam a2200000Ia 4500 | ||
|---|---|---|---|
| 001 | 16822 | ||
| 008 | 160829s9999 xx 000 0 cat d | ||
| 080 | |a B-2-74 | ||
| 245 | |a Dones : |b cent anys d'imatges : |b els fons de l'Arxiu d'Imatges Emili Massanas i Burcet | ||
| 260 | |a Girona : |b Diputació de Girona, [200 - ?] | ||
| 300 | |a 127 p. : |b totes il., fot. ; |c 21 x 20 cm | ||
| 590 | |a Catàleg de l'exposició: Dones. Cent anys d'imatges. Els fons de l'Arxiu d'Imatges Emili Massanes i Burcet | ||
| 650 | |a Fotografia de dones |x Exposicions |9 29977 | ||
| 650 | |a Dones |x Llibres de làmines |9 29978 | ||
| 650 | 0 | |a Dones |x Fotografies |9 22380 | |
| 650 | 0 | |a Arxiu d'Imatges Emili Massanas i Burcet |9 29980 | |
| 901 | |a Arxiu | ||
| 942 | |n 1 | ||
| 952 | |0 0 |1 0 |4 0 |6 B274 |7 1 |9 45196 |a Arxiu |b Arxiu |d 2016-12-01 |l 0 |o B-2-74 |p 16822 |r 2016-12-01 00:00:00 |w 2016-12-01 |y ARXIU | ||
| 999 | |c 48268 |d 48268 | ||